• 首页
  • 本馆介绍
  • 公告通知
  • 最新文献
  • 馆藏检索
  • 电子资源
  • 读者导购
  • 参考咨询
  • 我的图书馆
  • 登录
  • 详细信息显示
  • 放入我的书架
  • 预约/预借图书
  • 作者相关作品
  • 分类相关作品
  • 丛书相关作品
  • 出版社相关作品

书目信息

  • 表格格式
  • 工作单格式
  • 卡片格式
题名:
景区规划与经营
    
 
作者: 牟红 主编
分册:  
出版信息: 北京   科学出版社  2012
页数: 196页
开本: 26cm
丛书名:
单 册:
中图分类: F590.32
科图分类:
主题词: 风景区--Feng Jing Qu--规划--高等教育--教材 , 风景区--Feng Jing Qu--经营管理--高等教育--教材
电子资源:
ISBN: 978-7-03-035201-9
000 00969nam0 22002531 450
001 350282
005 20161009094828.79
010    @a978-7-03-035201-9@dCNY28.00
100    @a20121017d2012 em y0chiy50 ea
101 0  @achi
102    @aCN@b110000
105    @ay z 000yy
106    @ar
200 1  @a景区规划与经营@AJing Qu Gui Hua Yu Jing Ying@f牟红主编
210    @a北京@c科学出版社@d2012
215    @a196页@d26cm
300    @a科学版精品课程立体化教材·管理学系列
330    @a本书是《景区开发与管理》(普通高等教育“十一五”国家级规划教材)的修订版,重庆市级精品课程教材,内容包括理论概述、景区战略、资源系统、形象打造、空间格局、产品与项目、景区营销、保障体系、产业要素、投资运营、区域联合、元规划12章。
606 0  @a风景区@AFeng Jing Qu@x规划@x高等教育@j教材
606 0  @a风景区@AFeng Jing Qu@x经营管理@x高等教育@j教材
690    @aF590.32@v5
701  0 @a牟红@AMou Hong@4主编
801  0 @aCN@bTANGWEI@c20160803
905    @b0889245-9@dF590.32@e452@f5
    
    景区规划与经营/牟红主编 .-北京:科学出版社,2012
    196页;26cm
    科学版精品课程立体化教材·管理学系列
    
    ISBN 978-7-03-035201-9:CNY28.00
    本书是《景区开发与管理》(普通高等教育“十一五”国家级规划教材)的修订版,重庆市级精品课程教材,内容包括理论概述、景区战略、资源系统、形象打造、空间格局、产品与项目、景区营销、保障体系、产业要素、投资运营、区域联合、元规划12章。
●
相关链接 在E读中查询图书 在五车中查询图书 在当当中查询图书 在豆瓣中查询图书


正题名:景区规划与经营     索取号:F590.32/452         预约/预借

序号 登录号 条形码 馆藏地/架位号 状态 备注
1 0889245   208892457   第一样本阅览室/ [索取号:F590.32/452] 在馆    
2 0889246   208892466   密集书库-资源管理系/ [索取号:F590.32/452] 在馆    
3 0889247   208892475   第一借阅区/ [索取号:F590.32/452] 在馆    
4 0889248   208892484   第一借阅区/ [索取号:F590.32/452] 在馆    
5 0889249   208892493   第一借阅区/ [索取号:F590.32/452] 在馆    
唐山师范学院图书馆 欢迎您!
大连网信软件有限公司© 版权所有